000 01328nam0a22003131 4500
001 v19\rc\1583086
005 20250618212125.0
035 _a(NLR Aleph) 004709414
090 _a4179013
_c4179013
100 _a20061002d1894 |||y0rusy50 ca
101 1 _arus
_cger
102 _aRU
105 _ay z |||||
200 1 _aИскусство приобрести превосходную память
_dKunst ein vorzügliches Gedächtnisz zu erlangen
_eВерные средства восстановить потерянную память, возрождать новую и сохранять ее до глубокой старости
_fД-р Гартенбах
_gПер. с послед. нем. изд. С. Майковой
_zger
210 _aСанкт-Петербург
_cВ.И. Губинский
_d1894
215 _a194 с.
_d17
510 0 _aKunst ein vorzügliches Gedächtnisz zu erlangen
_zger
700 1 _aГартенбах
_bЭ.
_gЭвальд
702 1 _aМайкова
_bС.М.
_f1835-1909
_gСофья Михайловна
_4730
801 0 _aRU
_bNLR
_gpsbo
801 0 _aRU
_bRuMoRGB
_2psbo
801 1 _aRU
_bProSoft-M
_2rusmarc
852 _aNLR
_j18.185.6.5
899 _aRuMoRGB
_jA 189/571
899 _aRuMoRGB
_jB 43/379
899 _aБАН
899 _aНБ СПбГУ
942 _cBOOK
980 _aNB